[Event "AICF Women GM 2018"]
[Site "Mumbai"]
[Date "2018.06.18"]
[Round "10"]
[White "Vo, Thi Kim Phung"]
[Black "Vantika Agrawal"]
[Result "1-0"]
[WhiteElo "2376"]
[BlackElo "2279"]
[Annotator "NA"]
[PlyCount "145"]
[EventDate "2018.??.??"]
[EventType "tourn"]
[EventCountry "IND"]
[SourceTitle "playchess.com"]
[Source "ChessBase"]
[SourceQuality "1"]
[TimeControl "40/5400+30:1800+30"]

1. d4 {[%emt 0:00:00]} Nf6 {[%emt 0:00:08]} 2. c4 {[%emt 0:00:00]} g6 {[%emt 0:00:10]} 3. Nc3 {[%emt 0:00:00]} Bg7 {[%emt 0:00:04]} 4. e4 {[%emt 0:00:00]} d6 {[%emt 0:00:12]} 5. Nf3 {[%emt 0:00:03]} O-O {[%emt 0:00:15]} 6. Be2 {[%emt 0:00:03]} e5 {[%emt 0:00:05]} 7. Be3 {[%emt 0:00:10]} Ng4 {[%emt 0:00:45]} 8. Bg5 {[%emt 0:00:13]} f6 {[%emt 0:00:10]} 9. Bh4 {[%emt 0:00:13]} Nc6 {[%emt 0:00:46]} 10. d5 {[%emt 0:00:53]} Ne7 {[%emt 0:00:07]} 11. h3 {[%emt 0:07:19] E92: King's Indian: Classical: 6 Be2 e5: 7 dxe5, 7 Be3 and Petrosian System without 7...Nbd7} (11. O-O g5 12. Bg3 h5 13. Nd2 f5 14. exf5 Nxf5 15. Nde4 Ngh6 16. Bxh5 g4 17. Bg6 Ne7 18. Bh5 Nef5 19. Bg6 Ne7 20. Bh5 Nef5 {½-½ (20) Ibrahimov,R (2518)-Amin,B (2689) Riadh 2017}) 11... Nh6 {[%emt 0:00:29]} 12. Qd2 {[%emt 0:01:12]} Nf7 {[%emt 0:16:33]} 13. O-O {[%emt 0:03:31]} Bh6 $146 {[%emt 0:17:35]} ({Predecessor:} 13... g5 14. Bg3 Ng6 15. Rfe1 Nf4 16. Bd1 Nh6 17. Rb1 Kh8 18. Bxf4 gxf4 {½-½ (30) Rimsans,A (2067)-Gierden,H (2287) ICCF email 2016}) 14. Qc2 {[%emt 0:04:37]} g5 {[%emt 0:00:31]} 15. Bg3 {[%emt 0:00:16]} f5 {[%emt 0:00:56]} 16. exf5 {[%emt 0:06:28]} Nxf5 {[%emt 0:00:45]} 17. Bd3 {[%emt 0:01:16]} Nh8 {[%emt 0:08:21]} 18. Bh2 {[%emt 0:06:49]} Ng6 {[%emt 0:01:59]} 19. Be4 {[%emt 0:10:20]} g4 {[%emt 0:38:15]} (19... Nf4 $11) 20. hxg4 {[%emt 0:00:34]} Nfh4 {[%emt 0:04:46]} (20... Nfe7 $16) 21. Nxh4 {[%emt 0:01:44]} Nxh4 {[%emt 0:00:46]} 22. Qe2 {[%emt 0:05:10]} Qg5 {[%emt 0:02:33]} 23. f3 {[%emt 0:01:10]} Bg7 {[%emt 0:02:24]} 24. Qd3 {[%emt 0:05:28]} Ng6 {[%emt 0:01:27]} 25. Bxg6 {[%emt 0:00:43]} hxg6 {[%emt 0:00:56]} 26. Ne4 {[%emt 0:00:13]} Qe7 {[%emt 0:01:41]} 27. Bg3 {[%emt 0:03:04]} Bh6 {[%emt 0:00:27]} 28. Rae1 {[%emt 0:00:24]} Bd7 {[%emt 0:00:36]} 29. Nf2 {[%emt 0:02:16]} Kg7 {[%emt 0:00:34]} 30. Nh3 {[%emt 0:01:20]} Rae8 {[%emt 0:00:36]} 31. Re4 {[%emt 0:01:01]} Qf6 {[%emt 0:00:32]} 32. Qc3 {[%emt 0:04:17]} c6 {[%emt 0:00:31]} (32... Kg8 $16 33. Nf2 c6) 33. Qa3 {[%emt 0:02:13]} cxd5 {[%emt 0:00:24]} 34. cxd5 {[%emt 0:00:08]} Bb5 {[%emt 0:00:34]} 35. Rd1 {[%emt 0:00:33]} a6 {[%emt 0:00:32]} 36. Qb4 {[%emt 0:01:29]} Rf7 {[%emt 0:00:30]} 37. Be1 {[%emt 0:03:27]} Rc8 {[%emt 0:00:29]} 38. Bc3 {[%emt 0:01:04]} Kg8 {[%emt 0:00:31]} 39. f4 {[%emt 0:02:33]} Bf8 {[%emt 0:00:28]} 40. Qb3 {[%emt 0:08:47]} Re8 {[%emt 0:30:33]} 41. Ng5 {[%emt 0:33:09]} Bh6 {[%emt 0:00:00]} 42. Nxf7 {[%emt 0:00:00]} Bxf4 {[%emt 0:00:00]} 43. Bd2 {[%emt 0:00:00]} Bxd2 {[%emt 0:00:18]} 44. Rxd2 {[%emt 0:00:00]} Qf1+ {[%emt 0:01:30]} 45. Kh2 {[%emt 0:00:00]} Qxf7 $18 {[%emt 0:00:26]} 46. a4 {[%emt 0:00:00]} Bd7 {[%emt 0:00:37]} 47. Qxb7 {[%emt 0:00:00]} g5 {[%emt 0:00:38]} 48. Kg1 {[%emt 0:00:00]} Rf8 {[%emt 0:00:21]} 49. Qxa6 {[%emt 0:00:00]} Kg7 {[%emt 0:00:38]} 50. Qe2 {[%emt 0:00:00]} Qg6 {[%emt 0:00:32]} 51. Rc2 {[%emt 0:00:00]} Be8 {[%emt 0:00:12]} 52. Rc3 {[%emt 0:00:00]} Bf7 {[%emt 0:00:27]} 53. Qd3 {[%emt 0:00:00]} Rh8 {[%emt 0:00:53]} 54. Re3 {[%emt 0:00:00]} Qf6 {[%emt 0:00:26]} 55. Rf3 {[%emt 0:00:00]} Qe7 {[%emt 0:00:31]} 56. Rh3 {[%emt 0:00:00]} Bg6 {[%emt 0:00:30]} 57. Qe3 {[%emt 0:00:00]} Rb8 {[%emt 0:00:25]} 58. b3 {[%emt 0:00:00]} Rb4 {[%emt 0:00:33]} 59. Rc4 {[%emt 0:00:00]} Rb8 {[%emt 0:00:34]} 60. b4 {[%emt 0:00:12]} Bf7 {[%emt 0:00:30]} 61. Qd3 {[%emt 0:01:54]} Bg6 {[%emt 0:00:29]} 62. Qc3 {[%emt 0:00:12]} Qa7+ {[%emt 0:00:26]} 63. Kh2 {[%emt 0:00:16]} Rb7 {[%emt 0:00:32]} 64. a5 {[%emt 0:00:33]} Rf7 {[%emt 0:00:27]} 65. Qe3 {[%emt 0:00:21]} Qe7 {[%emt 0:00:35]} 66. a6 {[%emt 0:00:31]} Rf4 {[%emt 0:00:28]} 67. a7 {[%emt 0:01:33]} Qf8 {[%emt 0:00:34]} 68. Rxf4 {[%emt 0:00:50]} gxf4 {[%emt 0:00:22]} 69. Qb6 {[%emt 0:00:19]} f3 {[%emt 0:00:26]} 70. Rxf3 {[%emt 0:00:19]} Qh8+ {[%emt 0:00:08]} 71. Kg1 {[%emt 0:00:19]} Be4 {[%emt 0:00:59]} 72. Qb7+ {[%emt 0:00:39]} Kg6 {[%emt 0:00:24]} 73. a8=Q {[%emt 0:00:22]} 1-0

[Event "AICF Women GM 2018"]
[Site "Mumbai"]
[Date "2018.06.18"]
[Round "10"]
[White "Nakhbayeva, Guliskhan"]
[Black "Munguntuul, Batkhuyag"]
[Result "1/2-1/2"]
[WhiteElo "2323"]
[BlackElo "2410"]
[Annotator "TA"]
[PlyCount "103"]
[EventDate "2018.??.??"]
[EventType "tourn"]
[EventCountry "IND"]
[SourceTitle "playchess.com"]
[Source "ChessBase"]
[SourceQuality "1"]

{[%evp 16,103,33,44,59,58,105,54,56,39,41,31,18,22,30,0,0,0,-10,-97,0,-8,-2,0,0,-5,0,0,0,0,0,-14,-22,-24,-27,-25,-25,-83,-73,-77,-79,-200,-126,-120,-130,-102,-38,-41,-32,-33,-50,-41,0,0,0,0,0,-206,-185,-267,-249,-212,-112,-113,-110,-118,-105,-114,-62,-61,-65,-70,-58,-80,-82,-72,-61,-58,0,-96,0,0,0,-60,0,0,0,-49,0,-4]} 1. d4 d5 2. c4 c6 3. Nc3 Nf6 4. e3 a6 5. Nf3 b5 6. b3 {[%cal Bb2b3,Bb3c4,Bc4c5][%mdl 32]} Bg4 7. a4 {D15: Slav Defence: 4 Nc3 a6 and gambit lines after 4 Nc3 dxc4} bxc4 8. bxc4 e6 9. c5 {LiveBook: 4 Games. White is slightly better.} Nbd7 10. a5 g6 11. Be2 (11. Qa4 $16) 11... Bg7 $14 12. O-O O-O 13. h3 Bxf3 14. Bxf3 Ne8 15. Bd2 Nc7 $1 16. Be2 e5 17. Qa4 (17. dxe5 $1 $11 Bxe5 18. Rc1) 17... Qf6 (17... exd4 $1 $17 18. exd4 Ne6) 18. Bg4 Nb8 {[%cal Re5d4]} 19. dxe5 Qxe5 20. Qb4 {Strongly threatening Qb7.} h5 21. Bf3 {White wants to play Qb7.} Nd7 {[%cal Bb8d7,Bd7f6,Bf6e4][%mdl 32]} 22. Na4 Nb5 23. Rae1 Nf6 24. Bc1 Rfe8 25. Bb2 Qe7 26. e4 (26. Nb6 $11 {keeps the balance.} Rab8 27. Ra1) 26... Nxe4 $17 27. Bxg7 Kxg7 28. Bxh5 (28. Bxe4 $17 {was called for.} dxe4 29. Nc3) 28... Qf6 29. Bg4 Rab8 30. Nb6 Qc3 (30... Qd4 $17 31. Qxd4+ Nxd4) 31. Qxc3+ $15 Nbxc3 32. Bd7 Red8 $36 {[%mdl 2048] White is under pressure.} 33. Bxc6 Nd2 34. Bd7 Nxf1 35. Kxf1 d4 {[%cal Bd5d4,Bd4d3][%mdl 32] aiming for ...d3.} 36. Rc1 $2 (36. c6 $11 {and White has nothing to worry.} d3 37. Nc4) 36... d3 $1 $19 {[%cal Rd3d2]} 37. Rxc3 (37. Bg4 $142 Na2 38. Ra1) 37... Rxd7 $1 {[%mdl 4096] Endgame KRR-KRN} 38. Ke1 {[#]} Rc7 ({Black should play} 38... Re8+ $1 $19 39. Kd1 Rd4) 39. Kd2 $17 Rd8 40. Na4 Rd4 41. Nb2 Rb4 (41... Kf6 $17 42. Ke3 Rh4) 42. Nxd3 $15 Ra4 43. Kc2 Rxa5 44. Kb3 Kf6 45. Kb4 Rb5+ 46. Kc4 Ke6 (46... Rc6 $15) 47. g4 {[#]} (47. Ra3 $11 {remains equal.} Ke7 48. Rxa6) 47... Rc8 (47... Ra5 $1 $17 48. Nf4+ Kd7) 48. Ra3 $11 Rc6 49. Rc3 (49. Ra1 $1 $11) 49... Rc8 ({Black should try} 49... Ra5 $15) 50. Ra3 Rc6 51. Rc3 Rc8 52. Ra3 {Precision: White = 50%, Black = 42%.} 1/2-1/2

[Event "AICF Women GM 2018"]
[Site "Mumbai"]
[Date "2018.06.18"]
[Round "10"]
[White "Zozulia, Anna"]
[Black "Monnisha G K"]
[Result "0-1"]
[WhiteElo "2314"]
[BlackElo "2295"]
[Annotator "TA"]
[PlyCount "86"]
[EventDate "2018.??.??"]
[EventType "tourn"]
[EventCountry "IND"]
[SourceTitle "playchess.com"]
[Source "ChessBase"]
[SourceQuality "1"]

{[%evp 10,86,-7,-6,0,-5,0,0,3,8,12,0,23,0,21,15,19,17,27,25,29,25,28,18,28,9,22,31,77,24,70,59,89,80,97,91,105,89,136,56,79,-34,0,0,0,-236,-242,-235,-237,-317,-327,-310,-311,-266,-261,-243,-220,-487,-481,-560,-564,-499,-478,-1204,-1227,-1347,-1354,-1340,-1340,-1318,-1312,-1220,-1116,-1235,-1220,-12837,-12831,-12838,-12839]} 1. c4 e5 2. Nc3 Nf6 3. e3 Nc6 4. Qc2 Bb4 5. d3 O-O 6. Nf3 {LiveBook: 42 Games} Qe7 {A28: English Opening: Four Knights Variation} 7. Bd2 Bxc3 8. Bxc3 d6 {The position is equal.} 9. Be2 a5 10. O-O Bg4 11. h3 Bh5 12. Rfe1 h6 13. b3 Bg6 14. a3 Nd7 15. b4 Nb6 16. b5 Nd8 17. Qd2 a4 18. Bb4 $36 {[%mdl 2048] White has good play.} Nd7 19. Qb2 (19. d4 $16) 19... f5 20. d4 {Black must now prevent Nxe5!} e4 21. Ne5 $1 {[%cal Re5g6]} Be8 22. Nxd7 Bxd7 23. c5 Ne6 {[%cal Bd8e6,Be6g5,Bg5f3][%mdl 32]} 24. b6 ({White should play} 24. Qa2 $16) 24... f4 $1 $14 25. d5 (25. Bf1 $16) 25... fxe3 26. fxe3 Ng5 27. h4 $2 {[#]} (27. c6 $11 {and White stays safe.} bxc6 28. dxc6 (28. bxc7 Nf3+ 29. Bxf3 exf3 $17) 28... Bxc6 29. Rad1) 27... Nf3+ $1 $19 28. Bxf3 exf3 29. cxd6 cxd6 {Strongly threatening ...f2+.} 30. Qf2 fxg2 31. Qxg2 Qxh4 32. Bxd6 {[#]} Rf5 $1 {[%cal Rf5g5]} 33. Bg3 $2 (33. Bf4 Ra6 34. Reb1) 33... Qh5 {Black is clearly winning.} 34. e4 Rg5 35. Re3 Bh3 36. Qh2 (36. Qd2 $142 Rf8 37. Qd3) 36... Rf8 37. Kh1 Rf3 38. Rae1 Rgxg3 39. Qxg3 Rxg3 40. Rxg3 Qh4 41. Rge3 Qf2 {[%csl Gh3][%cal Rf2g2]} 42. R3e2 Qf3+ 43. Kg1 Qg3+ {Precision: White = 42%, Black = 59%.} 0-1

[Event "AICF Women GM 2018"]
[Site "Mumbai"]
[Date "2018.06.18"]
[Round "10"]
[White "Rakshitta Ravi"]
[Black "Srija, Seshadri"]
[Result "0-1"]
[WhiteElo "2067"]
[BlackElo "2207"]
[Annotator "TA"]
[PlyCount "86"]
[EventDate "2018.??.??"]
[EventType "tourn"]
[EventCountry "IND"]
[SourceTitle "playchess.com"]
[Source "ChessBase"]
[SourceQuality "1"]

{[%evp 12,86,30,20,35,-25,-25,-51,-12,-60,-43,-35,-49,-35,-39,-31,-8,-20,-13,-25,0,-14,0,13,13,0,9,0,16,16,16,16,20,-8,10,-94,-78,-118,-148,-130,-139,-119,-19,-141,-129,-136,-132,-254,-251,-240,-233,-230,-203,-190,-172,-224,-231,-222,-222,-303,-85,-84,-100,-124,-127,-525,-143,-544,-533,-617,-622,-654,-647,-639,-639,-622,-611]} 1. Nf3 d5 2. g3 Nf6 3. Bg2 e6 4. O-O Be7 5. d4 b5 6. b3 {A46: 1 d4 Nf6 2 Nf3 e6: Torre, London and Colle Systems} O-O 7. c4 {LiveBook: 6 Games} a6 8. cxb5 (8. cxd5 $14 Nxd5 9. Bb2) 8... axb5 $11 9. Qc2 Bb7 10. Bf4 Na6 11. a3 c5 12. dxc5 Nxc5 13. Nc3 Ba6 14. Qb2 Rc8 15. Rfd1 Qb6 16. b4 Na4 17. Nxa4 bxa4 18. Be3 Qb7 19. Ne5 Nd7 20. Nxd7 Qxd7 21. Bd4 f6 22. Bc3 {[#]} Bxe2 $1 {[%mdl 512]} 23. Re1 (23. Qxe2 $11 {remains equal.} Rxc3 24. Re1) 23... Bg4 $17 24. b5 Rc5 25. Bf1 Rfc8 26. b6 Qb7 (26... e5 $17 27. b7 Rb8) 27. Rac1 (27. Bd4 $1 $11) 27... e5 28. Bd2 Rb8 $36 {[%mdl 2048] aiming for ...Rxc1. Black is in control.} 29. Rb1 (29. Qa2 $17) 29... Bf5 $19 {Strongly threatening ...Rc2.} 30. Rbd1 Rc2 ({Much less strong is} 30... Qxb6 31. Qxb6 Rxb6 32. Bb4) 31. Qb5 Qxb6 32. Qxd5+ Be6 33. Qe4 (33. Qd3 {was necessary.} Ra2 34. Be3) 33... Qc6 34. Bd3 Qxe4 35. Rxe4 Ra2 $2 (35... Rc7 $19 {has better winning chances. Hoping for ...Rd7.} 36. Ba5 Rd7) 36. Rxa4 $17 Rd8 37. Be3 Kf8 38. Ra7 $2 {[%mdl 8192]} (38. Bb6 $17 {was the crucial defense.} Rd7 39. Kf1) 38... Bb3 $2 (38... e4 $19 {is more deadly.} 39. Be2 Rxd1+ 40. Bxd1 Ra1 41. Ra8+ Kf7) 39. Rc1 $2 {[%mdl 8192]} (39. Rxe7 $17 Kxe7 40. Bc5+ Ke6 {[#]} 41. Bf5+ $1 {[%mdl 512]} Kxf5 42. Rxd8) 39... Rxd3 $19 {Black is clearly winning.} 40. Rcc7 Bd5 {[%cal Rd3d1]} 41. Rc8+ Kf7 {[%cal Rd3d1]} 42. Rc1 Rdxa3 43. Rac7 {Now Bc5 and White clings on.} Ra1 {Precision: White = 29%, Black = 41%.} 0-1

[Event "AICF Women GM 2018"]
[Site "Mumbai"]
[Date "2018.06.19"]
[Round "11"]
[White "Munguntuul, Batkhuyag"]
[Black "Tomilova, Elena"]
[Result "1-0"]
[WhiteElo "2410"]
[BlackElo "2334"]
[Annotator "TA"]
[PlyCount "151"]
[EventDate "2018.??.??"]
[EventType "tourn"]
[EventCountry "IND"]
[SourceTitle "playchess.com"]
[Source "ChessBase"]
[SourceQuality "1"]

{[%evp 28,151,25,7,45,20,20,0,16,0,39,41,59,0,86,64,68,11,269,287,263,330,287,21,21,14,24,28,28,24,45,33,25,29,71,73,123,97,133,82,159,168,191,127,119,127,228,216,327,8,518,68,64,37,103,49,147,130,115,114,113,93,115,114,185,184,334,334,327,327,317,308,301,285,282,275,527,516,516,529,519,489,500,488,384,385,587,570,562,561,582,578,616,621,631,642,684,629,995,975,1159,1058,738,731,720,915,1135,1103,29981,29982,29981,29982,29985,29983,29988,29989,29989,29990,29990,29991,29992,29992,29992,29991,29995,29980]} 1. e4 e6 2. d4 d5 3. Nc3 Nf6 4. e5 Nfd7 5. f4 c5 6. Nf3 Nc6 7. Be3 cxd4 8. Nxd4 Bc5 9. Qd2 O-O 10. O-O-O a6 11. Nb3 Bb4 {C11: French: Classical System: 4 e5 and 4 Bg5 dxe4} 12. Bd3 b5 13. g4 Bb7 14. Rhg1 {[%cal Bh1g1,Bg1g3,Bg3h3][%mdl 32]} Rc8 15. Rg3 {LiveBook: 14 Games} Re8 16. Rh3 g6 $1 17. Bf2 Na5 18. Bd4 Nc4 19. Qf2 Bf8 20. g5 (20. a3 $14) 20... Be7 (20... b4 $11 {remains equal.}) 21. Qh4 h5 22. Rg1 (22. Kb1 $14) 22... Nc5 $2 {[%mdl 8192]} (22... Qc7 $11 {and Black is okay.}) 23. Be2 $1 $18 {[%cal Re2h5]} Kg7 24. f5 $1 {[%cal Rf5f6]} gxf5 25. Qxh5 $2 (25. Nxc5 $18 Bxc5 26. Bxh5 (26. Bxc5 Rxc5 27. Bxh5 Rh8 $11) 26... Bxd4 27. Qxd4) 25... Rh8 $11 26. Qxh8+ Qxh8 27. Rxh8 Kxh8 28. g6 $1 {[%cal Rg6f7]} fxg6 29. Rxg6 Kh7 30. Bh5 Ne4 31. Rxe6 Bg5+ 32. Kb1 Rf8 33. Nc5 (33. a3 $142) 33... Ned2+ ({Better is} 33... Nxc5 34. Bxc5 Rg8) 34. Ka1 $16 Be3 35. Bxe3 ({Stronger than} 35. Nxb7 Bxd4 36. Nd6 (36. Rxa6 $2 Ne3 $19) 36... Ne3 $11) ({White should try} 35. Nd7 $18 Rd8 36. Nf6+ Kh6 37. Ne2) 35... Nxe3 {[%cal Re3c2]} 36. b3 $1 Bc8 (36... Rc8 $16 37. Nxb7 Rxc3) 37. Rc6 $18 b4 (37... Nxc2+ {was called for.} 38. Kb2 Nb4) 38. Nd1 $2 (38. Ne2 $1 $18) 38... Nxc2+ (38... Nxd1 $1 $11 39. Bxd1 f4) 39. Kb2 $14 Nd4 40. Rb6 {aiming for e6.} Rg8 {[#]} (40... Rh8 $14) 41. Rxb4 (41. e6 $1 $16 {[%cal Re6e7] Hoping for e7.} Rg2 42. Kc1) 41... N2f3 (41... Nc6 $14 42. Rh4 Kg7) 42. Bxf3 Nxf3 43. e6 {And now Nc3 would win.} d4 44. Rb8 Ne5 45. Rb6 a5 (45... Kg6 $16 {was necessary.}) 46. Rd6 $18 Nf3 (46... Kg7 $142 47. Rxd4 Nc6) 47. e7 Re8 48. Rd8 Rxe7 49. Rxc8 Re2+ 50. Ka3 Nd2 {intending ...Nb1+.} 51. Ka4 Nb1 $2 (51... Ne4 {keeps fighting.}) 52. Kxa5 Rxa2+ {[#]} 53. Na4 $1 Nd2 54. b4 Nb3+ 55. Kb5 Rxh2 56. Rd8 Rc2 (56... Kg6 $142 57. Rd6+ Kg5) 57. Nc5 Nc1 58. Rxd4 Ne2 59. Rd6 f4 60. Kb6 f3 61. b5 Nf4 62. Ne4 Re2 63. Ndf2 Kg7 64. Kb7 Ng6 65. Rd5 Ne7 66. Rd3 Rb2 67. b6 Nc8 68. Kxc8 {White mates.} Rxb6 69. Rxf3 Kg6 70. Kd7 Rb7+ 71. Ke6 Rb6+ 72. Nd6 Kg5 73. Ke5 Ra6 74. Rg3+ Kh5 75. Rg8 Ra5+ 76. Ke4 {Precision: White = 63%, Black = 28%.} 1-0

[Event "AICF Women GM 2018"]
[Site "Mumbai"]
[Date "2018.06.19"]
[Round "11"]
[White "Aakanksha Hagawane"]
[Black "Vo, Thi Kim Phung"]
[Result "1/2-1/2"]
[WhiteElo "2297"]
[BlackElo "2376"]
[Annotator "TA"]
[PlyCount "75"]
[EventDate "2018.??.??"]
[EventType "tourn"]
[EventCountry "IND"]
[SourceTitle "playchess.com"]
[Source "ChessBase"]
[SourceQuality "1"]

{[%evp 16,75,-1,-20,25,14,46,31,67,39,83,75,77,85,85,72,78,74,129,-81,210,214,240,214,185,205,225,209,183,188,181,160,281,249,325,318,296,52,54,0,0,-33,0,0,0,0,0,0,28,21,22,0,0,0,21,0,0,0,43,0,0,0]} 1. e4 e6 2. d4 d5 3. e5 c5 4. c3 Nc6 5. Nf3 Bd7 6. a3 c4 7. Nbd2 Na5 8. g3 Ne7 9. h4 {LiveBook: 16 Partien. C02: Französische Verteidigung (Vorstoßvariante)} h5 10. Bh3 Nf5 11. O-O {Weiß steht etwas besser.} Ne7 12. Rb1 Rc8 13. Ng5 $40 {[%cal Bf3g5,Bg5e4,Be4d6][%mdl 160] Schwarz ist in Schwierigkeiten.} Nec6 14. Qf3 {[%csl Gg5][%cal Rf3f7] [#]} Qe7 {Weiss sollte ...f6 verhindern.} 15. Re1 Nd8 16. Qd1 Rc6 (16... Bb5 $142) 17. Nxc4 $2 (17. Bg2 $16 {bleibt auf Kurs.}) 17... dxc4 $4 {[%mdl 8192] [#]} ({Ein No Go ist} 17... Rxc4 $6 18. b4 $11) (17... Nxc4 $17 {hält den Druck.} 18. Bf1 Rc8) 18. Ne4 $1 $18 f5 19. Nd6+ Rxd6 20. exd6 Qxd6 21. Bxf5 Kf7 22. Bf4 {[%mdl 1024] Weiss hat starke Kompensation.} Qb6 23. Be4 Be7 (23... Kg8 $16 {ist eine bessere Verteidigung.} 24. Bg6 Nac6) 24. d5 Bf6 25. dxe6+ Bxe6 26. Bd5 $2 (26. Qc2 $18) 26... Qb5 $1 $14 27. Bxe6+ (27. Rxe6 $14 Nxe6 28. Qf3) 27... Nxe6 $11 28. Qd6 (28. a4 $5 {[%cal Ra4b5]} Qc6 29. Be5 $11) 28... Nxf4 29. Qxf4 Rd8 {[%cal Bh8d8,Bd8d5,Bd5f5][%mdl 32]} 30. Rbd1 Rd5 31. Qb8 Rf5 32. Re2 a6 33. Kg2 Qc6+ 34. Kg1 {Droht stark Td6.} Qb5 35. Kg2 Qc6+ 36. Kg1 {Und Td6 würde nun gewinnen.} Qb5 37. Kg2 (37. Rd6 $5 {[%cal Rb8c7]} Kg6 38. Qg8 $11) 37... Qc6+ 38. Kg1 {Precision: Weiß = 43%, Schwarz = 45%.} 1/2-1/2

[Event "AICF Women GM 2018"]
[Site "Mumbai"]
[Date "2018.06.19"]
[Round "11"]
[White "Monnisha G K"]
[Black "Rakshitta Ravi"]
[Result "1/2-1/2"]
[WhiteElo "2295"]
[BlackElo "2067"]
[Annotator "TA"]
[PlyCount "113"]
[EventDate "2018.??.??"]
[EventType "tourn"]
[EventCountry "IND"]
[SourceTitle "playchess.com"]
[Source "ChessBase"]
[SourceQuality "1"]

{[%evp 30,113,0,-12,46,40,33,42,40,39,46,52,42,0,4,0,0,0,0,0,36,0,0,-28,0,-65,-58,-68,-70,-111,-121,-122,-96,-102,-110,-156,-141,-153,-127,-182,-197,-179,-134,-142,-130,-293,-175,-246,0,0,0,0,0,0,0,0,0,0,0,0,0,0,0,0,0,0,0,0,0,0,0,0,0,0,0,0,0,0,0,0,0,0,0,0,0,0]} 1. e4 e5 2. Nf3 Nc6 3. Bb5 {[%cal Bf1b5,Bb5a4,Ba4b3][%mdl 32]} a6 4. Ba4 Nf6 5. O-O Be7 6. Re1 b5 7. Bb3 O-O 8. d4 {[%cal Bd2d4,Bd4d5][%mdl 32]} d6 9. c3 Bg4 10. d5 Na5 11. Bc2 c6 12. h3 Bc8 13. dxc6 Qc7 14. Nbd2 Qxc6 15. Nf1 Be6 16. Ng3 {LiveBook: 46 Games} h6 {C91: Closed Ruy Lopez: 7...d6 8 c3 0-0 9 d4} (16... Rfe8 $11) 17. Nh4 $14 Rfc8 18. Nhf5 Bf8 {White is slightly better.} 19. Qf3 Ne8 20. Ne3 Nc4 21. Nxc4 (21. Nd5 {seems wilder.} Nb6 22. Rd1 Qb7 23. Rb1 a5 24. Be3) 21... bxc4 22. Bd2 Rab8 23. Rab1 a5 24. Nf5 Kh7 25. Qg3 Nf6 26. Qh4 Ng8 27. g4 (27. f4 $11) 27... g6 $15 28. Nxh6 Nxh6 ({Of course not} 28... g5 $6 29. Bxg5 Bxh6 30. Bxh6 $16) 29. g5 Qd7 30. gxh6 Bxh3 31. Kh2 Be6 32. b3 Be7 33. Qg3 Rg8 34. b4 (34. bxc4 $17 Bxc4 35. a3) 34... axb4 $19 35. Rxb4 Rxb4 36. cxb4 f5 37. f4 $2 {[#]} (37. Bg5 $17 {was the only defense.}) 37... Bf6 (37... fxe4 $142 38. fxe5 d5) 38. Rg1 (38. Rd1 {keeps fighting.}) 38... Qf7 $2 (38... fxe4 $19 39. Bxe4 Bf5) 39. exf5 $1 $11 {The position is equal.} gxf5 40. Qxg8+ Qxg8 41. Rxg8 Kxg8 {[%mdl 4096] Endgame KBB-KBB} 42. Bc3 $1 {Hoping for b5.} Kh7 43. b5 {And now b6 would win.} Kxh6 44. b6 {[#] aiming for b7.} Bd5 {Strongly threatening ...Kg6.} 45. Bxf5 {Be6! is the strong threat.} Bd8 46. fxe5 dxe5 47. Ba5 {Threatens to win with b7!} Bb7 48. Be6 c3 49. Bxc3 Bxb6 50. Bxe5 Bc6 51. Kg3 Kg5 52. Bb3 Kf5 53. Bc3 Ke4 54. Bc2+ Kd5 55. Bb3+ Ke4 56. Bc2+ Kd5 57. Bb3+ {Precision: White = 48%, Black = 74%.} 1/2-1/2